Advanced fashion drawing : (Record no. 25636)
[ view plain ]
| 000 -LEADER | |
|---|---|
| fixed length control field | 01332cam a22003135i 4500 |
| 001 - CONTROL NUMBER | |
| control field | 10785938 |
| 003 - CONTROL NUMBER IDENTIFIER | |
| control field | EG-ScBUE |
| 005 - DATE AND TIME OF LATEST TRANSACTION | |
| control field | 20230109093649.0 |
| 008 - FIXED-LENGTH DATA ELEMENTS--GENERAL INFORMATION | |
| fixed length control field | 120803s2010 enka f b 001 0 eng d |
| 020 ## - INTERNATIONAL STANDARD BOOK NUMBER | |
| International Standard Book Number | 9781856696487 |
| 020 ## - INTERNATIONAL STANDARD BOOK NUMBER | |
| International Standard Book Number | 1856696480 |
| 040 ## - CATALOGING SOURCE | |
| Original cataloging agency | UMI |
| Language of cataloging | eng |
| Description conventions | rda |
| Transcribing agency | UMI |
| Modifying agency | EG-ScBUE |
| 082 04 - DEWEY DECIMAL CLASSIFICATION NUMBER | |
| Edition number | 22 |
| Classification number | 741.672 |
| Item number | DON |
| 100 1# - MAIN ENTRY--PERSONAL NAME | |
| Personal name | Donovan, Bil, |
| Relator term | author. |
| 245 10 - TITLE STATEMENT | |
| Title | Advanced fashion drawing : |
| Remainder of title | lifestyle illustration / |
| Statement of responsibility, etc | Bil Donovan. |
| 264 #1 - PUBLICATION, DISTRIBUTION, ETC. (IMPRINT) | |
| Place of publication, distribution, etc | London : |
| Name of publisher, distributor, etc | Laurence King Publishing, |
| Date of publication, distribution, etc | 2010. |
| 300 ## - PHYSICAL DESCRIPTION | |
| Extent | 192 pages : |
| Other physical details | illustrations ; |
| Dimensions | 28 cm |
| 336 ## - CONTENT TYPE | |
| Source | rdacontent |
| Content type term | text |
| Content type code | txt |
| 337 ## - MEDIA TYPE | |
| Source | rdamedia |
| Media type term | unmediated |
| Media type code | n |
| 338 ## - CARRIER TYPE | |
| Source | rdacarrier |
| Carrier type term | volume |
| Carrier type code | nc |
| 504 ## - BIBLIOGRAPHY, ETC. NOTE | |
| Bibliography, etc | Includes bibliographical resources and index. |
| 505 0# - FORMATTED CONTENTS NOTE | |
| Formatted contents note | Line -- Elongating the figure using verticals, horizontals, and diagonals -- Beginning a vocabulary of shapes -- Line quality -- Composing the figure within an environment -- Media -- The computer and illustration -- Fabric, prints, and texture -- Finding your voice -- Breaking the rules -- Glossary. |
| 650 #7 - SUBJECT ADDED ENTRY--TOPICAL TERM | |
| Topical term or geographic name as entry element | Fashion drawing. |
| Source of heading or term | BUEsh |
| 651 ## - SUBJECT ADDED ENTRY--GEOGRAPHIC NAME | |
| Source of heading or term | BUEsh |
| 653 ## - INDEX TERM--UNCONTROLLED | |
| Resource For college | Communication and mass media |
| Arrived date list | November2017 |
| 655 ## - INDEX TERM--GENRE/FORM | |
| Form subdivision | Reading book |
| 776 08 - ADDITIONAL PHYSICAL FORM ENTRY | |
| Display text | Print version: |
| Main entry heading | Donovan, Bil. |
| Title | Advanced fashion drawing. |
| Place, publisher, and date of publication | London : Laurence King, 2010 |
| International Standard Book Number | 9781856696487 |
| Record control number | (OCoLC)607976297 |
| 942 ## - ADDED ENTRY ELEMENTS (KOHA) | |
| Source of classification or shelving scheme | Dewey Decimal Classification |
| Koha item type | Book - Borrowing |
| Withdrawn status | Lost status | Source of classification or shelving scheme | Damaged status | Not for loan | Collection code | Home library | Current library | Shelving location | Date acquired | Source of acquisition | Cost, normal purchase price | Total Checkouts | Full call number | Barcode | Date last seen | Cost, replacement price | Price effective from | Koha item type |
|---|---|---|---|---|---|---|---|---|---|---|---|---|---|---|---|---|---|---|
| Dewey Decimal Classification | Central Library | Central Library | Second Floor | 22/11/2017 | Purchase | 280.00 | 741.672 DON | 000042538 | 15/07/2025 | 350.00 | 22/11/2017 | Book - Borrowing |